| Tag |
First Indicator |
Second Indicator |
Subfields |
| LEADER |
00000cam a2200000 a 4500 |
| 001 |
in00002139307 |
| 006 |
m e d # |
| 007 |
cr mn mmmmabba |
| 008 |
840724s1798 paua s 000 0 ger d |
| 005 |
20260331161736.9 |
| 035 |
|
|
|z w022927
|
| 035 |
|
|
|a MAAR8408141324B
|
| 035 |
|
|
|9 mwa91-29459
|
| 035 |
|
|
|a 341206
|
| 035 |
|
|
|a aas03022927
|
| 040 |
|
|
|a MWA
|c MWA
|e bdrb
|d UtOrBLW
|
| 245 |
0 |
4 |
|a Der Neue, gemeinnützige Landwirthschafts Calender, auf das Jahr, nach der heilbringenden Geburt unsers Herrn Jesu Christi, 1799 :
|b ... Mit sonderbarem Fleiss nach dem pennsylvanischen und der angrenzenden Staaten Horizont und Nordhöhe berechnet. : Zum Zwölftenmal herausgegeben.
|
| 264 |
|
1 |
|a Lancäster [Pa.] :
|b Gedruckt und zu haben bey Johann Albrecht und Comp. in der neuen Buchdruckerey, in der Prinz-Strasse, das 2te Haus, nördlich vom Gefängniss,
|c [1798]
|
| 300 |
|
|
|a 44 unnumbered pages :
|b illustrations ;
|c 22 cm. (quarto)
|
| 336 |
|
|
|a text
|b txt
|2 rdacontent
|
| 337 |
|
|
|a computer
|b c
|2 rdamedia
|
| 338 |
|
|
|a online resource
|b cr
|2 rdacarrier
|
| 500 |
|
|
|a Cover title: Neuer lancästerscher Calender, 1799.
|
| 500 |
|
|
|a Printer's advertisement of books for sale, page [2].
|
| 510 |
4 |
|
|a Evans
|c 34169
|
| 510 |
4 |
|
|a Drake, M. Almanacs,
|c 10494
|
| 530 |
|
|
|a Microform version available in the Readex Early American Imprints series.
|
| 533 |
|
|
|a Electronic text and image data.
|b [Chester, Vt. :
|c Readex, a division of Newsbank, Inc.,
|d 2002-2004.
|e Includes files in TIFF, GIF and PDF formats with inclusion of keyword searchable text.
|f (Early American imprints. First series ; no. 34169).
|
| 500 |
|
|
|a Electronic resource.
|
| 655 |
|
7 |
|a Almanacs
|z Pennsylvania
|y 1799.
|2 rbgenr
|
| 655 |
|
7 |
|a Booksellers' advertisements
|z Pennsylvania
|z Lancaster.
|2 rbgenr
|
| 740 |
0 |
|
|a Neuer lancästerscher Calender, 1799.
|
| 752 |
|
|
|a United States
|b Pennsylvania
|d Lancaster.
|
| 830 |
|
0 |
|a Early American imprints.
|n Series I,
|p Evans (1639-1800) ;
|v no. 34169.
|
| 856 |
4 |
1 |
|u http://proxy.library.tamu.edu/login?url=https://opac.newsbank.com/select/evans/34169
|y Evans Digital Edition
|t 0
|
| 999 |
|
|
|a MARS
|
| 999 |
f |
f |
|s b5525b67-2023-3f1f-9116-7e4263707041
|i ef7d1496-757e-395c-a6c3-5ee3b563c850
|t 0
|
| 952 |
f |
f |
|a Texas A&M University
|b College Station
|c Electronic Resources
|s www_evans
|d Available Online
|t 0
|h No information provided
|
| 998 |
f |
f |
|t 0
|l Available Online
|